000 00718naa a22002177a 4500
999 _c56856
_d56856
003 BD-DhIDS
005 20260608143658.0
008 260608s1953 unk||||| |||| 00| 0 eng d
040 _aBD-DhIDS
_beng
_cBD-DhIDS
_dBD-DhIDS
082 _a301.36
_bBAU
100 1 _aBauer, Catherine
245 1 4 _aThe future of cities and urban redevelopment /
_cCatherine Bauer and others
260 _aChicago :
_bThe University of Chicago press ,
_c1953
300 _axix, 758p. :
_bill., ;
_c23 cm.
490 _aUrban Redevelopment Study
_v(1948-1951)
504 _aIncludes bibliographical references and index.
650 0 4 _aUrbanization
650 0 4 _aUrban development
650 0 4 _aPlanning
_xUrban or city
942 _2ddc
_cBK